| 000 | 00715cam a22002653a 4500 | ||
|---|---|---|---|
| 001 | 3452 | ||
| 003 | PGUSA | ||
| 005 | 20140828083032.0 | ||
| 008 | 021001s2002||||xxu|||||s|||||000 | eng d | ||
| 040 |
_aPGUSA _beng |
||
| 042 | _adc | ||
| 050 | 4 | _aSB | |
| 100 | 1 | _aFrancis H. Leggett and Co. | |
| 245 | 1 | 0 |
_aTea Leaves _h[electronic resource] / _cFrancis H. Leggett and Co. |
| 260 |
_bProject Gutenberg, _c2002 |
||
| 506 | _aPublic domain in the USA. | ||
| 516 | _aElectronic text | ||
| 653 | _aTea | ||
| 653 | _aTea -- Social aspects | ||
| 653 | _aTea -- History | ||
| 653 | _aTea trade -- History | ||
| 830 | 0 |
_aProject Gutenberg _v3452 |
|
| 856 | 4 | 0 | _uhttp://www.gutenberg.org/ebooks/3452 |
| 942 | _cEB | ||
| 999 |
_c232781 _d232781 |
||